| 000 | 00522nam a22001697a 4500 | ||
|---|---|---|---|
| 005 | 20251108175505.0 | ||
| 008 | 250721s2016 xx 000 0 ara d | ||
| 082 | 1 | 4 | _a320.9567/دهي |
| 100 | 1 | _aالدهيسات، هايل خليفة ابراهيم | |
| 245 | 1 | 0 | _aالتحولات في اليمن و عاصفة الحزم / |
| 264 | 1 |
_aعمان : _bخزائن القلم، _c2016. |
|
| 300 | _a258ص. | ||
| 650 | 1 | 7 | _aالاحوال السياسية |
| 650 | 1 | 7 | _aاليمن |
| 942 |
_2ddc _cBK |
||
| 999 |
_c135374 _d135374 |
||